000 00737cab a2200241 4500
001 ABS59858
008 090401t1998 xxu||||| |||| 00| 0 eng d
035 _a(Sirsi) u90151
041 _aeng
100 _aQuick, C.
245 _aCold comfort on the farm
260 _c1998
350 _a0
490 _aAccountancy Age
_v26 November 1998, 25(1)
520 _aAdvice for accountants and other industries that rely on agriculture and related businesses as clients. Includes the English ICA`s list of survival tips for accountants with farming clients.
650 _aAGRICULTURE
650 _aCASH FLOW
650 _aFARMERS
650 _aFINANCIAL ADVICE
690 _aRURAL PRACTICE
942 _n0
948 _c04/12/1998
999 _c57112
_d57112